000 00470nam a2200193Ia 4500
005 20240823044633.0
008 240823s9999||||xx |||||||||||||| ||und||
020 _a81-203-1460-3
041 _aENGLISH
082 _A658.21 P2
100 _aRichard L Francic et al.
245 0 _aFacility Layout and Location an Analytical Approach
250 _a2nd
260 _c1992
_b#VALUE!
500 _aYES
650 _aGeneral
_bGeneral
942 _cBK
999 _c213065
_d213065